Šamorín - obnova a adaptácia objektu NKP kláštora paulánov pre polyfunkčné účely
Gespeichert in:
| 1. Verfasser: | |
|---|---|
| Weitere Verfasser: | |
| Format: | Manuskript Buch |
| Sprache: | Slowakisch |
| Veröffentlicht: |
Bratislava
2017
|
| Schlagworte: | |
| Online-Zugang: | http://is.stuba.sk/zp/portal_zp.pl?podrobnosti=128294 |
| Tags: |
Keine Tags, Fügen Sie das erste Tag hinzu!
|
MARC
| LEADER | 00000ntm a22000003a 4500 | ||
|---|---|---|---|
| 001 | stuzp63888 | ||
| 003 | SK-STU | ||
| 005 | 20210215105647.7 | ||
| 007 | ta | ||
| 008 | 150427s2015----xo-----f-mn---000-0-slo-d | ||
| 040 | |a STU |b slo | ||
| 041 | 0 | |a slo | |
| 100 | 1 | |a Porubský, Peter |u 053130 |4 aut |U FAD Fakulta architektúry |T FA Ústav dejín a teórie architektúry a obnovy pamiatok |X 27547 |U A3130 |Y 394 |7 A000027547 | |
| 242 | 0 | 1 | |a ŠAMORÍN – OBNOVA A ADAPTÁCIA OBJEKTU NKP KLÁŠTORA PAULÁNOV PRE POLYFUNKČNÉ ÚČELY |
| 245 | 1 | 0 | |a Šamorín - obnova a adaptácia objektu NKP kláštora paulánov pre polyfunkčné účely |
| 260 | |c 2017 |a Bratislava | ||
| 650 | 4 | |a obnova |2 slo | |
| 650 | 4 | |a vstavba |2 slo | |
| 650 | 4 | |a štartovacie byty |2 slo | |
| 650 | 4 | |a Šamorín |2 slo | |
| 650 | 4 | |a Adaptácia |2 slo | |
| 650 | 4 | |a kláštor paulánov |2 slo | |
| 650 | 4 | |a Šamorín |2 eng | |
| 650 | 4 | |a startup flats |2 eng | |
| 650 | 4 | |a Adaptation |2 eng | |
| 650 | 4 | |a restoration |2 eng | |
| 650 | 4 | |a monastery of paulans |2 eng | |
| 650 | 4 | |a accommodation unit |2 eng | |
| 700 | 1 | |a Gregor, Pavel |u 053130 |k Z1 |4 ths |U FAD Fakulta architektúry |T FA Ústav dejín a teórie architektúry a obnovy pamiatok |X 412 |U A3130 |Y 394 |7 A000000412 | |
| 856 | 4 | |u http://is.stuba.sk/zp/portal_zp.pl?podrobnosti=128294 |u https://opac.crzp.sk/?fn=detailBiblioForm&sid=E7FF18FD4FFD5019D5F9EC3CC38C | |